000 01050nam a22002537a 4500
999 _c4299
_d4299
003 AR-CdUCM
008 190308b ||||| |||| 00| 0 spa d
020 _a84-930522-7-2
040 _aMUNICIPALIDAD PROVINCIAL DEL CUSCO
_cBIBLIOTECA MUNICIPAL DEL CUSCO
082 _a746.6 /
_bM18
100 _aMajluf Brahim, Natalia
_913586
245 _aElena Izcue :
_bEl arte precolombino en la vida moderna /
260 _aLima :
_bMuseo de Arte de Lima :
_c1999.
300 _a415 páginas ;
_bFotografías, Imágenes,
_c32 cm.
440 _aFundación Telefónica
_913587
505 _aContenido: Los inicios, el dibujo y la enseñanza -- En la escuela nacional de Bellas Artes, 1919-1926 -- Estudios de arte precolombino -- El arte precolombino y su aplicación en la vida moderna -- El arte peruano en la escuela...
650 _aArtes decorativas
_913588
650 _aExposiciones
_913589
650 _aDiseño texti
_913590
650 _aArte indígena
_913591
700 _aWuffarden, Luis Eduardo
_913592
942 _2ddc
_cLIBROS
945 _adavv